000 00324nam a2200121Ia 4500
005 20251222143257.0
008 251222s9999||||xx |||||||||||||| ||spa||
082 _a370.980/P19
100 _aPalma, Diego
245 0 _aLa Construcción de Prometeo:
264 _bTarea, Asociación de Publicaciones Educativas
942 _cLIB
999 _c15202
_d15202